| 000 | 00959nam a2200241Ia 4500 | ||
|---|---|---|---|
| 001 | 15887 | ||
| 003 | GE_BSU | ||
| 008 | 181216s||||||||xx |||||||||||||| ||und|| | ||
| 040 | _cGE_BSU | ||
| 080 | _a821.353.1+821.353.1-92 | ||
| 100 | _aჭავჭავაძე, ი. (ილია, 1837-1907) | ||
| 245 | _aთხზულებათა სრული კრებული : 10 ტომად ტ. 6 | ||
| 245 | _bცხოვრება და კანონი | ||
| 245 | _cპ. ინგოროყვას რედ. [და შესავ. წერილით] | ||
| 260 | _aთბილისი | ||
| 260 | _bსახელგამი | ||
| 260 | _c1956 | ||
| 300 | _a306 გვ.20 სმ. | ||
| 653 | _aთხზულებათა სრული კრებული | ||
| 653 | _aსაქართველოს ისტორია; | ||
| 653 | _aცხოვრება და კანონი | ||
| 942 | _cBK | ||
| 999 |
_c48982 _d48982 |
||